000 00734nam a2200241 a 4500
001 62714
003 BD-RjUL
005 20211209081120.0
008 170125s1960 enka 001 0 eng d
035 _a(BD-RjUL)62841
040 _aIRU
_cIRU
_dBD-RjUL
_beng
041 _aeng
082 _223
_a709.04
_bREA 1960
100 1 _aRead, Herbert
_9186409
245 1 0 _aArt now :
_ban introduction to the theory of modern painting and sculpture /
_cby Herbert Read
250 _anew ed.
260 _aLondon :
_bFaber and Faber,
_c1960.
300 _a128, 32 p. :
_bill. ;
_c20 cm.
500 _aIncludes index.
650 0 _aArt, Modern
_y20th century.
_9184707
650 0 _aAesthetics, Modern
_y20th century.
_9186410
942 _2ddc
_cBK
999 _c62714
_d62714